000 00440nmm a2200157Ia 4500
008 251105s9999||||xx |||||||||||||||||und||
020 _a8495602466
041 _aspa
100 _aKorda, Michael
245 0 _aAlexander Korda :
_b Una vida de ensueño
264 _a[Madrid, España] :
_bT&B Editores,
_c2003
300 _a434 páginas
650 _aFilm studies
856 _uhttps://public.digitaliapublishing.com/a/5821
942 _cCF
999 _c73955
_d73955